| 000 | 00773cam a2200229 4500 | ||
|---|---|---|---|
| 008 | |||
| 020 | _a058203641 | ||
| 050 | 0 | _aTK4164THO | |
| 100 | 1 | _aThompson, Francis G. | |
| 245 | 1 | 0 |
_aElectrical installation and workshop technology _c[by] F. G. Thompson; illustrative material by J. H. Smith. |
| 260 |
_aLondon, _bLongmans, _c1968- |
||
| 300 |
_av. _billus. _c22 cm. |
||
| 500 | _aTitle of vol. 3: Electrical installation technology. Illustrations by H. E. MacDonnell. | ||
| 650 | 0 |
_aElectric wiring _xHandbooks, manuals, etc. |
|
| 740 | 0 | _aElectrical installation technology. | |
| 907 |
_a.b10229176 _b05-02-07 _c05-02-07 |
||
| 003 | |||
| 005 | 20230123134349.0 | ||
| 040 | _cNUST | ||
| 049 | _aMAIN | ||
| 942 | _cBOOKS | ||
| 999 |
_c164603 _d164603 |
||